00456nam a2200169 a 4500001001300000003000900013005001700022008004100039020002300080082001700103100001900120245002100139260006300160300000900223500003500232650001900267nice12345678IN_TiNIC20260116014341.0091021s2008 newa grp 000 0 eng  a9781846841354c19500a372.623bLEA aLeach, Heather aCreative Writing aNew York bContinuum International Publishing Group c2008 a195p aincludes index and biblioraphy aWriting Skills